Statistics for SZA - Kill Bill (All Lyrics)

Click here to take the quiz!

General Stats

  • This quiz has been taken 120 times
  • The average score is 271 of 338

Answer Stats

Answer% Correct
I
100%
(I
100%
kill
99%
be
98%
no
98%
the
98%
The
98%
my
97%
a
95%
ex
95%
ex,
95%
idea
95%
not
95%
Not
95%
best
94%
than
91%
you,
91%
you
91%
You
91%
in
90%
still
90%
alone
88%
him,
88%
him
88%
jail
88%
just
88%
love
88%
though
88%
get
87%
girlfriend
87%
her
87%
his
87%
His
87%
I'm
87%
might
87%
might)
87%
Rather
87%
so
86%
new
85%
here?
84%
next,
84%
to
84%
mature
83%
mature,
83%
was
83%
even
79%
Killed
79%
killed
79%
on
79%
fan
78%
have
78%
if
78%
If
78%
me
78%
can't
77%
Hate
77%
salty
77%
see
77%
with
77%
Hell
76%
How'd
76%
how'd
76%
one
76%
Don't
74%
don't
74%
got
74%
it,
74%
it
74%
should
74%
therapist
74%
want
74%
girlfriend's
73%
happy
72%
men
72%
other
72%
of
71%
that
71%
know
70%
tell
70%
Now
69%
but
67%
cause
67%
really
67%
some
67%
driving
66%
lost
66%
out
66%
sense
66%
there's
66%
your
66%
did
65%
it's
65%
damn
64%
reach
64%
at
63%
all
62%
for
62%
perfect
62%
this
62%
peach
60%
will
60%
Oh,
59%
oh
59%
us?
59%
us,
59%
none,
58%
sober
57%
is
56%
basement,
55%
drugs
55%
farmer's
55%
market
55%
broad,
52%
text
51%
evidence
50%
evidence,
50%
gon'
50%
beat
48%
ration
48%
tried
47%
home
41%
invasion,
41%
planning
41%
singing
41%
laying
40%
over
40%
passion,
40%
face-down,
35%
murders
35%
or
35%
crimes
34%

Score Distribution

Percentile by Number Answered

Percent of People with Each Score

Your Score History

You have not taken this quiz